| 000 | 00379 a2200133 4500 | ||
|---|---|---|---|
| 003 | Nust | ||
| 005 | 20170207170420.0 | ||
| 040 | _cNust | ||
| 082 | _a799 | ||
| 245 |
_a03-Opening Address FSc-58 by CI C, Photographs-2015 _cMCS |
||
| 260 |
_aRawalpindi _bMCS _c05-01-2015 |
||
| 650 | _a03-PicturesOpening Address FSc-58 by CI C, Photographs-2015 DVD No 01 (Vol I) | ||
| 651 | _aSweet Memories-MCS | ||
| 942 | _cBK | ||
| 999 |
_c214752 _d214752 |
||